00843nam a2200205Ia 4500003000900000008004100009040001600050080001900066111008500085245022300170260004600393300001600439650004100455650001600496650002600512650001000538700002500548700002900573710003500602IN-BaIIA211028s9999 xx 000 0 eng d cIIA Library a523.42:43bTHE aConference on the atmospheres of venus and marscArizonad1967 Feb. 28 to Mar. 2 4aThe atmospheres of venus and marsbproceedings of the symposium held in Tucson, Arizona from February 28 to March 2, 1967cedited by John C. Brandt and Michael B. Mcelroy  aNew YorkbGordon and Breach Sciencec1968 aviii, 288p. aAstronomy and astrophysics thesaurus aPlanet mars aPlanetary atmospheres aVenus aBrandt, John C., ed. aMcelroy, Michael B., ed. aKitt Peak National Observatory